000 00295nam a22001337a 4500
008 170407b xxu||||| |||| 00| 0 eng d
020 _a9780983224600
041 _aeng
080 _a616
100 _a9
101 _aSHM
245 _aFUNDAMENTALS OF PATHOLOGY
_cSATTAR, H.A
942 _2udc
_cBK
999 _c10187
_d10187